| 000 | 00990nam a2200265 a 4500 | ||
|---|---|---|---|
| 999 |
_c447138 _d447138 |
||
| 003 | BLK | ||
| 005 | 20230727125442.0 | ||
| 008 | 220304b bul|||||r ||||||| ||bul|| | ||
| 040 | _aBLK | ||
| 041 |
_aBUL _cBUL |
||
| 080 |
_aКомунистически партии. Вж и 327.323 _b329.15 _x(497.215)БКП (062) _z329.15(497.2)БКП (062) |
||
| 139 | _bО 95 | ||
| 245 | 1 | 0 |
_aОтчетен доклад на Общинския комитет на БКП- Русе за неговата и на общинската партийна организация дейност през периода 1984-1986 г. _h[Малотир. изд.] |
| 257 | _aBGR | ||
| 260 |
_aРусе _bОК на БКП - Русе _c1986 _9218041 |
||
| 300 |
_a79 с. _c20 см |
||
| 380 | _a3 | ||
| 653 | _aкомунистически партии | ||
| 653 | _aБКП | ||
| 852 |
_bК _cК 329/О-95 |
||
| 856 | 4 | _qpdf | |
| 856 | 4 | _qpdf | |
| 942 |
_cKNG _n0 _s1 _01 |
||
| 944 |
_aCR _c2022-03-04 _k30556 _lТеодора Пейчева-Дянкова |
||